banner-ar

THE AIR PILOT'S WEATHER GUIDE / (Record no. 11017)

MARC details
000 -الفاتح
حقل البيانات ثابتة الطول 00426nam a2200169Ia 4500
008 - عناصر البيانات ثابتة الطول - معلومات عامة
حقل البيانات ثابتة الطول 140319s9999 xx 000 0 eng d
040 ## - مصدر الفهرسة
وكالة الفهرسة الأصلية GCL /
وكالة النسخ GCL
082 04 - رقم تصنيف ديوى العشرى
رقم التصنيف 629.13092
رقم المادة H A
100 1# - المدخل الرئيسى - إسم شخصى
الإسم الشخصى HOLFORD, INGRID
245 10 - بيان العنوان
العنوان THE AIR PILOT'S WEATHER GUIDE /
بيان المسئوليه,etc HOLFORD, INGRID
260 ## - PUBLICATION, DISTRIBUTION, ETC. (IMPRINT)
تاريخ النشر أو التوزيع 1988
300 ## - الوصف المادى
التعداد 104
650 04 - المدخل الاضافى بالموضوع-مصطلح موضوعى
مصطلح موضوعي PILOTS
650 04 - المدخل الاضافى بالموضوع-مصطلح موضوعى
مصطلح موضوعي FLYING
942 ## - عناصر المدخل الإضافي( كوها)
مصدر التصنيف او مخطط الترفيف Dewey Decimal Classification
Koha [default] item type كتاب
260 ## - PUBLICATION, DISTRIBUTION, ETC. (IMPRINT)
-- [S.N] :
-- AIRLIFE PUBLISHING ،
Holdings
حالة التراجع حالة الفقد حالة تلف ليس للاعارة المكان المؤقت الموقع الحالى تاريخ الاكتساب اجمالي اﻻعارات رقم الطلب الباركود تاريخ اخر مشاهدة تاريخ تفعيل السعر نوع وعاء كوها
        مكتبة القاهرة الكبرى مكتبة القاهرة الكبرى 03/26/2014   629.13092\H A 22005 03/26/2014 03/26/2014 كتاب

Powered By

EGPV